| 000 | 01421cam a2200361 a 4500 | ||
|---|---|---|---|
| 001 | 15450238 | ||
| 005 | 20170105102906.0 | ||
| 008 | 080915s2009 nyu b 001 0 eng | ||
| 010 | _a 2008039388 | ||
| 020 | _a9781596916173 | ||
| 020 | _a1596916176 | ||
| 035 | _a(OCoLC)ocn243544172 | ||
| 040 |
_aDLC _cDLC _dBTCTA _dBAKER _dYDXCP _dC#P _dBWX _dDLC |
||
| 050 | 0 | 0 |
_aD445 _b.C7355 2009 |
| 082 | 0 | 0 |
_a909.82/5 _222 |
| 100 | 1 | _aCooke, Stephanie. | |
| 245 | 1 | 0 |
_aIn mortal hands : _ba cautionary history of the nuclear age / _cStephanie Cooke. |
| 250 | _a1st U.S. ed. | ||
| 260 |
_aNew York : _bBloomsbury, _c2009. |
||
| 300 |
_a488 p. ; _c25 cm. |
||
| 504 | _aIncludes bibliographical references (p. 446-464) and index. | ||
| 650 | 0 |
_aWorld politics _y20th century. |
|
| 650 | 0 |
_aWorld politics _y21st century. |
|
| 650 | 0 |
_aNuclear energy _xPolitical aspects. |
|
| 650 | 0 |
_aNuclear weapons _xPolitical aspects. |
|
| 650 | 0 |
_aNuclear terrorism _xPrevention. |
|
| 856 | 4 | 1 |
_3Table of contents only _uhttp://www.loc.gov/catdir/toc/ecip0828/2008039388.html |
| 856 | 4 | 2 |
_3Contributor biographical information _uhttp://www.loc.gov/catdir/enhancements/fy0901/2008039388-b.html |
| 856 | 4 | 2 |
_3Publisher description _uhttp://www.loc.gov/catdir/enhancements/fy0901/2008039388-d.html |
| 906 |
_a7 _bcbc _corignew _d1 _eecip _f20 _gy-gencatlg |
||
| 942 |
_2ddc _cBK |
||
| 999 |
_c14879 _d14879 |
||